[Event "SUI-chT"]
[Site "Switzerland"]
[Date "2023.05.14"]
[Round "4.5"]
[White "Guex, Pascal"]
[Black "Adler, Joel Arturo Manuel"]
[Result "1/2-1/2"]
[WhiteElo "2130"]
[BlackElo "2212"]
[PlyCount "56"]
[EventDate "2023.04.16"]
[EventType "team-tourn"]
[EventRounds "9"]
[EventCountry "SUI"]
[SourceTitle "EXT 2024"]
[Source "ChessBase"]
[SourceDate "2023.10.10"]
[SourceVersion "1"]
[SourceVersionDate "2023.10.10"]
[SourceQuality "1"]
[WhiteTeam "Nyon"]
[BlackTeam "Trubschachen"]
[WhiteTeamCountry "SUI"]
[BlackTeamCountry "SUI"]

1. e4 c5 2. c3 Nf6 3. e5 Nd5 4. Nf3 Nc6 5. d4 cxd4 6. cxd4 d6 7. Bc4 Nb6 8. Bb5 dxe5 9. Nxe5 Bd7 10. Nxd7 Qxd7 11. Nc3 e6 12. 0-0 Be7 13. Qg4 0-0 14. Rd1 f5 15. Qf3 Rad8 16. Bxc6 Qxc6 17. Qg3 Bf6 18. Bg5 Rxd4 19. Bxf6 Rxd1+ 20. Rxd1 Rxf6 21. Rd8+ Rf8 22. Rd6 f4 23. Qd3 Qc4 24. Qd1 e5 25. h3 Qc7 26. Qd3 Qc4 27. Qd1 Qc7 28. Qd3 Qc4 1/2-1/2

[Event "SUI-chT"]
[Site "Switzerland"]
[Date "2023.04.30"]
[Round "2.5"]
[White "Adler, Joel Arturo Manuel"]
[Black "Fecker, Noah"]
[Result "0-1"]
[WhiteElo "2212"]
[BlackElo "2388"]
[PlyCount "102"]
[EventDate "2023.04.16"]
[EventType "team-tourn"]
[EventRounds "9"]
[EventCountry "SUI"]
[SourceTitle "EXT 2024"]
[Source "ChessBase"]
[SourceDate "2023.10.10"]
[SourceVersion "1"]
[SourceVersionDate "2023.10.10"]
[SourceQuality "1"]
[WhiteTeam "Trubschachen"]
[BlackTeam "Zuerich"]
[WhiteTeamCountry "SUI"]
[BlackTeamCountry "SUI"]

1. d4 d5 2. c4 e6 3. Nf3 a6 4. b3 Nf6 5. e3 dxc4 6. bxc4 c5 7. Bb2 cxd4 8. exd4 Bb4+ 9. Nbd2 0-0 10. Bd3 b5 11. c5 Bb7 12. 0-0 Qd5 13. Nb3 Nc6 14. a4 bxa4 15. Rxa4 a5 16. Nbd2 Bxd2 17. Bc4 Qd7 18. Nxd2 Nxd4 19. Bxd4 Qxd4 20. Ba6 Qd5 21. Bxb7 Qxb7 22. Qc2 Rfc8 23. Rfa1 Qb5 24. Nb3 Rab8 25. Nxa5 Rxc5 26. Rc4 Rxc4 27. Qxc4 Qe5 28. Nb3 Ng4 29. g3 h5 30. Rf1 Rd8 31. Nc1 Rd2 32. Nd3 Qe2 33. Qc8+ Kh7 34. Nf4 Qf3 35. Nh3 Qf5 36. Qc1 Qd5 37. Qb1+ g6 38. Qb4 Kg7 39. Nf4 Qd7 40. h3 Nf6 41. Qc3 Qd6 42. Re1 h4 43. Qe5 hxg3 44. fxg3 Qb6+ 45. Qe3 Qxe3+ 46. Rxe3 g5 47. Rd3 Ra2 48. Ng2 Ne4 49. Rb3 Ra1+ 50. Kh2 Nd2 51. Rb5 Nf3# 0-1

[Event "SUI-chT"]
[Site "Switzerland"]
[Date "2021.10.10"]
[Round "3.7"]
[White "Adler, Joel Arturo Manuel"]
[Black "Uhlmann, David"]
[Result "1-0"]
[WhiteElo "2219"]
[BlackElo "2130"]
[PlyCount "79"]
[EventDate "2021.08.29"]
[EventType "team-tourn"]
[EventRounds "9"]
[EventCountry "SUI"]
[SourceTitle "EXT 2023"]
[Source "ChessBase"]
[SourceDate "2022.10.05"]
[SourceVersion "1"]
[SourceVersionDate "2022.10.05"]
[SourceQuality "1"]
[WhiteTeam "Trubschachen"]
[BlackTeam "Reti"]
[WhiteTeamCountry "SUI"]
[BlackTeamCountry "SUI"]

1. d4 Nf6 2. Nf3 e6 3. c4 c5 4. d5 exd5 5. cxd5 d6 6. Nc3 a6 7. a4 g6 8. h3 Bg7 9. e4 0-0 10. Bd3 Nbd7 11. 0-0 Nh5 12. Bg5 Bf6 13. Be3 Re8 14. Qd2 Ne5 15. Be2 Nxf3+ 16. Bxf3 Ng7 17. a5 Be5 18. Na4 f5 19. Nb6 Rb8 20. Rfe1 Bd7 21. Bg5 Qc7 22. Nc4 fxe4 23. Bxe4 Bf5 24. Bf3 Bd4 25. g4 Bd7 26. Bf4 Rxe1+ 27. Rxe1 Ne8 28. Qe2 Bf6 29. g5 Bg7 30. Bg4 Bf8 31. Be6+ Kh8 32. Qf3 Bg7 33. Qg3 Bf8 34. Ne5 Bxe6 35. dxe6 Qxa5 36. Re3 Rc8 37. e7 Bg7 38. Nf7+ Kg8 39. Qg4 Qa2 40. Nh6+ 1-0

[Event "Oberliga Baden 1718"]
[Site "Baden"]
[Date "2017.10.08"]
[Round "1.4"]
[White "Jaeggi, Dorian"]
[Black "Adler, Joel Arturo Manuel"]
[Result "1/2-1/2"]
[WhiteElo "2307"]
[BlackElo "2248"]
[PlyCount "92"]
[EventDate "2017.10.08"]
[EventType "team-tourn"]
[EventRounds "9"]
[EventCountry "GER"]
[SourceTitle "EXT 2019"]
[Source "ChessBase"]
[SourceDate "2018.10.10"]
[SourceVersion "1"]
[SourceVersionDate "2018.10.10"]
[SourceQuality "1"]
[WhiteTeam "Brombach"]
[BlackTeam "Walldorf"]
[WhiteTeamCountry "GER"]
[BlackTeamCountry "GER"]

1. e4 c5 2. Nf3 e6 3. d4 cxd4 4. Nxd4 Bc5 5. Nc3 Qb6 6. Na4 Qa5+ 7. c3 Bxd4 8. Qxd4 Nf6 9. Nc5 Nc6 10. Qd6 Qd8 11. f3 Qe7 12. Qxe7+ Kxe7 13. Be3 d6 14. Nb3 e5 15. 0-0-0 Be6 16. Kb1 a6 17. Bb6 Rhc8 18. c4 a5 19. Na1 Nd7 20. Bf2 Nb4 21. Rc1 Rc6 22. Be2 Rac8 23. b3 Nc5 24. Rhd1 f5 25. a3 Nba6 26. exf5 Bxf5+ 27. Ka2 Be6 28. Be1 a4 29. b4 Nb3 30. Nxb3 axb3+ 31. Kb2 Bxc4 32. Bxc4 Rxc4 33. Rxc4 Rxc4 34. Kxb3 Rc8 35. a4 Ke6 36. Bf2 d5 37. b5 Nc5+ 38. Bxc5 Rxc5 39. Kb4 b6 40. Ra1 Rc4+ 41. Kb3 Rc5 42. Ra2 Kd6 43. Rd2 Rc1 44. Kb2 Rc4 45. Kb3 Rc1 46. Kb2 Rc4 1/2-1/2

[Event "Oberliga Baden 1516"]
[Site "Baden"]
[Date "2015.09.20"]
[Round "1.5"]
[White "Adler, Joel Arturo Manuel"]
[Black "Elis, Volker"]
[Result "1/2-1/2"]
[WhiteElo "2258"]
[BlackElo "2220"]
[PlyCount "133"]
[EventDate "2015.09.20"]
[EventType "team-tourn"]
[EventRounds "9"]
[EventCountry "GER"]
[SourceTitle "EXT 2018"]
[Source "ChessBase"]
[SourceDate "2017.10.13"]
[SourceVersion "1"]
[SourceVersionDate "2017.10.13"]
[SourceQuality "1"]
[WhiteTeam "Walldorf"]
[BlackTeam "Handschuhsheim"]
[WhiteTeamCountry "GER"]
[BlackTeamCountry "GER"]

1. d4 Nf6 2. c4 g6 3. Nc3 Bg7 4. e4 d6 5. f3 0-0 6. Be3 c5 7. Nge2 Nc6 8. d5 Ne5 9. Ng3 e6 10. Be2 exd5 11. cxd5 a6 12. a4 h5 13. 0-0 Re8 14. h3 Ned7 15. Qd2 Qe7 16. Rab1 Nh7 17. Rfe1 b6 18. Bf1 h4 19. Nh1 g5 20. Nf2 Ne5 21. b4 Qf6 22. Ncd1 c4 23. Qa2 Bb7 24. Bxc4 b5 25. Bf1 bxa4 26. Nd3 Nf8 27. Nxe5 Qxe5 28. Nf2 Ng6 29. Ng4 Qe7 30. Qd2 f6 31. Bd4 Bc8 32. Ne3 Nf4 33. Qa2 Bd7 34. Rec1 Rec8 35. Rxc8+ Bxc8 36. Qxa4 f5 37. Bxg7 Kxg7 38. Qa1+ Kh7 39. Qd4 Qa7 40. Qxa7+ Rxa7 41. Nc4 Rd7 42. Nb6 Rc7 43. Nxc8 Rxc8 44. Bxa6 Rb8 45. Bf1 Kg6 46. b5 Kf6 47. Kf2 Ke5 48. Ke3 Rb6 49. Rc1 fxe4 50. fxe4 Rb8 51. Rc6 Rf8 52. Rc1 Ra8 53. Rb1 Ra3+ 54. Kf2 Kxe4 55. b6 Ra2+ 56. Kg1 Ra8 57. Ba6 Rb8 58. b7 Nd3 59. Bxd3+ Kxd3 60. Rb6 Kd4 61. Rxd6 Rxb7 62. Rg6 Kxd5 63. Rxg5+ Ke6 64. Rg4 Rh7 65. Kf2 Ke5 66. Kf3 Kf5 67. Rf4+ 1/2-1/2

[Event "SUI-chT"]
[Site "Switzerland"]
[Date "2014.03.16"]
[Round "1.4"]
[White "Adler, Joel Arturo Manuel"]
[Black "Rufener, Markus"]
[Result "0-1"]
[WhiteElo "2247"]
[BlackElo "2328"]
[PlyCount "76"]
[EventDate "2014.03.16"]
[EventType "team-tourn"]
[EventRounds "9"]
[EventCountry "SUI"]
[SourceTitle "EXT 2015"]
[Source "ChessBase"]
[SourceDate "2014.11.20"]
[SourceVersion "1"]
[SourceVersionDate "2014.11.20"]
[SourceQuality "1"]
[WhiteTeam "Trubschachen"]
[BlackTeam "Bern Schwarz Weiss"]
[WhiteTeamCountry "SUI"]
[BlackTeamCountry "SUI"]

1. d4 Nf6 2. c4 e6 3. Nf3 b6 4. e3 Bb7 5. Bd3 Ne4 6. 0-0 f5 7. Ne5 Qh4 8. f3 Nf6 9. g3 Qh5 10. Be2 c5 11. Nc3 cxd4 12. exd4 Nc6 13. Be3 Bd6 14. Nd3 0-0 15. Nb5 Bb8 16. Bf4 a6 17. Bxb8 Raxb8 18. Nf4 Qf7 19. Nd6 Qe7 20. Nxb7 Rxb7 21. Qd2 a5 22. Rad1 Qd6 23. d5 Qc5+ 24. Kh1 Nd8 25. dxe6 dxe6 26. Qd6 Kf7 27. b3 e5 28. Qxc5 bxc5 29. Nd3 Nd7 30. f4 e4 31. Ne5+ Nxe5 32. fxe5 Ke7 33. Rd5 Ne6 34. Rfd1 g5 35. Bf1 f4 36. gxf4 gxf4 37. Bh3 e3 38. Rd6 Nd4 0-1

[Event "Oberliga Baden 1213"]
[Site "Baden"]
[Date "2013.03.17"]
[Round "8.7"]
[White "Adler, Joel Arturo Manuel"]
[Black "Toth, Ilona"]
[Result "1-0"]
[WhiteElo "2279"]
[BlackElo "2053"]
[PlyCount "79"]
[EventDate "2012.10.14"]
[EventType "team-tourn"]
[EventRounds "9"]
[EventCountry "GER"]
[SourceTitle "EXT 2014"]
[Source "ChessBase"]
[SourceDate "2013.11.20"]
[SourceVersion "1"]
[SourceVersionDate "2013.11.20"]
[SourceQuality "1"]
[WhiteTeam "Kirchheim"]
[BlackTeam "Brombach"]
[WhiteTeamCountry "GER"]
[BlackTeamCountry "GER"]

1. d4 Nf6 2. c4 e6 3. Nf3 d5 4. Nc3 Be7 5. e3 Nbd7 6. b3 c6 7. Bd3 Bd6 8. Bb2 0-0 9. 0-0 Re8 10. Qc2 Qe7 11. Rae1 Bb4 12. Re2 g6 13. e4 dxe4 14. Nxe4 Nxe4 15. Bxe4 Nf6 16. Ne5 Bd7 17. Bf3 Rac8 18. Qc1 Qd8 19. Qf4 Be7 20. g4 Rf8 21. Qh6 Ne8 22. Nxd7 Qxd7 23. g5 Ng7 24. Bg4 Rfe8 25. Qh4 Qd8 26. f4 f5 27. Bf3 Kf7 28. d5 cxd5 29. Qxh7 Qb6+ 30. Kg2 d4 31. Rxe6 Kxe6 32. Qxg7 Kd7 33. Bxd4 Qe6 34. Be5 Rg8 35. Rd1+ Ke8 36. Qh7 Qf7 37. Qxf7+ Kxf7 38. Bd5+ Kf8 39. Bxg8 Kxg8 40. Rd7 1-0

[Event "Oberliga Baden 1112"]
[Site "Germany"]
[Date "2011.10.02"]
[Round "1.4"]
[White "Schulte, Torsten"]
[Black "Adler, Joel Arturo Manuel"]
[Result "1/2-1/2"]
[WhiteElo "2188"]
[BlackElo "2240"]
[PlyCount "80"]
[EventDate "2011.10.02"]
[EventType "team-tourn"]
[EventRounds "9"]
[EventCountry "GER"]
[SourceTitle "EXT 2013"]
[Source "ChessBase"]
[SourceDate "2012.11.22"]
[SourceVersion "1"]
[SourceVersionDate "2012.11.22"]
[SourceQuality "1"]
[WhiteTeam "Eppingen II"]
[BlackTeam "Kirchheim"]
[WhiteTeamCountry "GER"]
[BlackTeamCountry "GER"]

1. d4 Nf6 2. c4 d6 3. Nf3 Bg4 4. Nbd2 g6 5. h3 Bc8 6. e3 Bg7 7. Bd3 0-0 8. 0-0 Nbd7 9. b4 e5 10. Bb2 Re8 11. Be2 e4 12. Nh2 h5 13. Rc1 Nf8 14. c5 d5 15. a4 Ne6 16. Re1 Ng5 17. Bf1 Bf8 18. b5 Bf5 19. Ba3 Qc8 20. Rc3 c6 21. bxc6 bxc6 22. Rb3 Be7 23. Qe2 Bd8 24. Qa6 Qd7 25. Rb7 Bc7 26. Reb1 Rec8 27. Bb4 Bxh3 28. gxh3 Nxh3+ 29. Bxh3 Qxh3 30. Rxc7 Rxc7 31. Ba5 Rcc8 32. Rb7 Ng4 33. Ndf1 Nh6 34. Rxa7 Rab8 35. Bc7 Rb1 36. Qxc6 Rxf1+ 37. Nxf1 Qg4+ 38. Ng3 Qd1+ 39. Nf1 Qg4+ 40. Ng3 Qd1+ 1/2-1/2

[Event "Oberliga Baden 1011"]
[Site "Baden"]
[Date "2010.10.10"]
[Round "1.6"]
[White "Schulenburg, Bernd"]
[Black "Adler, Joel Arturo Manuel"]
[Result "0-1"]
[WhiteElo "2197"]
[BlackElo "2253"]
[PlyCount "24"]
[EventDate "2010.10.10"]
[EventType "team-tourn"]
[EventRounds "9"]
[EventCountry "GER"]
[SourceTitle "EXT 2012"]
[Source "ChessBase"]
[SourceDate "2011.11.24"]
[SourceVersion "1"]
[SourceVersionDate "2011.11.24"]
[SourceQuality "1"]
[WhiteTeam "Heidelberg II"]
[BlackTeam "Kirchheim"]
[WhiteTeamCountry "GER"]
[BlackTeamCountry "GER"]

1. e4 c5 2. Nf3 Nc6 3. d4 cxd4 4. Nxd4 Qc7 5. c4 Nf6 6. Nc3 Nxe4 7. Nd5 Qa5+ 8. b4 Nxb4 9. Nb3 Nd3+ 10. Ke2 Qxd5 11. cxd5 Nc3+ 12. Kf3 Ne5+ 0-1

[Event "Oberliga Baden 0910"]
[Site "Germany"]
[Date "2009.10.18"]
[Round "1.4"]
[White "Schulte, Torsten"]
[Black "Adler, Joel Arturo Manuel"]
[Result "1-0"]
[WhiteElo "2167"]
[BlackElo "2287"]
[PlyCount "81"]
[EventDate "2009.10.18"]
[EventType "team-tourn"]
[EventRounds "9"]
[EventCountry "GER"]
[SourceTitle "EXT 2011"]
[Source "ChessBase"]
[SourceDate "2010.11.26"]
[SourceVersion "1"]
[SourceVersionDate "2010.11.26"]
[SourceQuality "1"]
[WhiteTeam "Eppingen II"]
[BlackTeam "Kirchheim"]
[WhiteTeamCountry "GER"]
[BlackTeamCountry "GER"]

1. d4 d6 2. e4 Nf6 3. Nc3 e5 4. Nf3 Nbd7 5. Bc4 Be7 6. g4 Nb6 7. dxe5 Nxc4 8. exf6 Bxf6 9. g5 Bxc3+ 10. bxc3 Bg4 11. Bf4 Qe7 12. Qd3 0-0 13. 0-0 Ne5 14. Nxe5 dxe5 15. Bc1 Rfd8 16. Qg3 Qe6 17. Be3 Be2 18. Rfe1 Bb5 19. Red1 Bc6 20. f3 Rxd1+ 21. Rxd1 Re8 22. Ra1 a6 23. Qe1 Qc4 24. Qd2 Qb5 25. Rd1 Qa4 26. Ra1 Qa3 27. c4 Qb2 28. Rd1 Qxa2 29. Qc3 Ba4 30. Rc1 Re6 31. Kh1 b6 32. Bf2 f6 33. gxf6 gxf6 34. Be3 Kf7 35. Bh6 Rc6 36. Qb4 Rc5 37. Rg1 Qxc4 38. Qe1 Ke6 39. Qh4 Rc6 40. Qg4+ Ke7 41. Qc8 1-0

[Event "BL2-Sued 0809"]
[Site "Germany"]
[Date "2008.12.14"]
[Round "4.7"]
[White "Tuncer, Ufuk"]
[Black "Adler, Joel Arturo Manuel"]
[Result "1/2-1/2"]
[WhiteElo "2310"]
[BlackElo "2270"]
[PlyCount "135"]
[EventDate "2008.10.05"]
[EventType "team-tourn"]
[EventRounds "9"]
[EventCountry "GER"]
[SourceTitle "CBM 129 Extra"]
[Source "ChessBase"]
[SourceDate "2009.05.05"]
[SourceVersion "2"]
[SourceVersionDate "2009.05.20"]
[SourceQuality "1"]
[WhiteTeam "Boeblingen"]
[BlackTeam "Heidelberg Kirchheim"]
[WhiteTeamCountry "GER"]
[BlackTeamCountry "GER"]

1. d4 d6 2. Nf3 Nf6 3. c4 g6 4. Nc3 Bf5 5. Qb3 b6 6. h3 c5 7. g4 Bd7 8. d5 Bg7 9. Bf4 0-0 10. e4 Na6 11. Be2 Nc7 12. Nd2 a6 13. a4 b5 14. Qc2 bxc4 15. Nxc4 Rb8 16. 0-0 Rb4 17. Rfd1 Nfe8 18. Ra3 f5 19. gxf5 gxf5 20. e5 dxe5 21. Bxe5 Bxe5 22. Nxe5 Nd6 23. Na2 Re4 24. Rg3+ Kh8 25. f3 Rxa4 26. Nc3 Rh4 27. Bf1 f4 28. Rg4 Bxg4 29. hxg4 Rg8 30. Qf2 Rh5 31. Nc6 Qf8 32. Qxc5 Ne6 33. Qa7 Ng5 34. Bg2 Rh4 35. Qd4+ Qf6 36. Qxf6+ exf6 37. Rd4 f5 38. Rxf4 fxg4 39. fxg4 Re8 40. Kf2 Kg7 41. Ra4 h5 42. gxh5 Rf8+ 43. Kg1 Rxa4 44. Nxa4 Kh6 45. Nc5 Kxh5 46. Ne5 Rf5 47. Ned3 a5 48. Nf2 Kh4 49. Nb3 Nf3+ 50. Bxf3 Rxf3 51. Nxa5 Kg3 52. Nd1 Ne4 53. Nc4 Ng5 54. Nce3 Nh3+ 55. Kh1 Nf2+ 56. Kg1 Nh3+ 57. Kh1 Rf6 58. Nc3 Kf3 59. Nc4 Rh6 60. Ne5+ Kf4 61. Nc4 Kg3 62. Ne4+ Kf3 63. Ned2+ Kf2 64. Ne4+ Ke2 65. Nc3+ Kf3 66. Ne5+ Kf4 67. Nc4 Kf3 68. Ne5+ 1/2-1/2

[Event "SUI-chT"]
[Site "Switzerland"]
[Date "2008.09.06"]
[Round "6.4"]
[White "Hochstrasser, Michael"]
[Black "Adler, Joel Arturo Manuel"]
[Result "0-1"]
[WhiteElo "2389"]
[BlackElo "2267"]
[PlyCount "50"]
[EventDate "2008.03.02"]
[EventType "team-tourn"]
[EventRounds "9"]
[EventCountry "SUI"]
[SourceTitle "EXT 2009"]
[Source "ChessBase"]
[SourceDate "2008.11.26"]
[SourceVersion "1"]
[SourceVersionDate "2008.11.26"]
[SourceQuality "1"]
[WhiteTeam "Wollishofen"]
[BlackTeam "Bern"]
[WhiteTeamCountry "SUI"]
[BlackTeamCountry "SUI"]

1. d4 Nf6 2. c4 d6 3. Nc3 Bf5 4. f3 e5 5. e4 exd4 6. Qxd4 Nc6 7. Qd2 Be6 8. b3 Be7 9. Nge2 0-0 10. Nf4 Nd7 11. Nfd5 f5 12. exf5 Bxd5 13. Nxd5 Bh4+ 14. g3 Bf6 15. Nxf6+ Qxf6 16. Bb2 Rae8+ 17. Be2 Qe7 18. Kf2 Rxf5 19. Rae1 Nce5 20. Kg2 g5 21. h4 Qf7 22. hxg5 Rxf3 23. g6 Rf2+ 24. Kg1 Nxg6 25. Qd4 Rexe2 0-1

[Event "SUI-chT"]
[Site "Switzerland"]
[Date "2008.06.22"]
[Round "5.2"]
[White "Volke, Karsten"]
[Black "Adler, Joel Arturo Manuel"]
[Result "1/2-1/2"]
[WhiteElo "2475"]
[BlackElo "2267"]
[PlyCount "90"]
[EventDate "2008.03.02"]
[EventType "team-tourn"]
[EventRounds "9"]
[EventCountry "SUI"]
[SourceTitle "EXT 2009"]
[Source "ChessBase"]
[SourceDate "2008.11.26"]
[SourceVersion "1"]
[SourceVersionDate "2008.11.26"]
[SourceQuality "1"]
[WhiteTeam "Reichenstein"]
[BlackTeam "Bern"]
[WhiteTeamCountry "SUI"]
[BlackTeamCountry "SUI"]

1. d4 Nf6 2. c4 e5 3. dxe5 Ng4 4. Nf3 Nc6 5. Bf4 Bb4+ 6. Nbd2 Qe7 7. a3 Ngxe5 8. Nxe5 Nxe5 9. e3 Bxd2+ 10. Qxd2 d6 11. Be2 0-0 12. 0-0 b6 13. Bg3 Bb7 14. Rfd1 a5 15. Qc3 Ng6 16. b4 f5 17. Bf1 f4 18. exf4 Nxf4 19. Re1 Qd7 20. c5 axb4 21. axb4 Rxa1 22. Qxa1 bxc5 23. bxc5 dxc5 24. Qe5 Nd5 25. Bc4 Kh8 26. h3 h6 27. Rd1 c6 28. Re1 Nb6 29. Qxc5 Qd8 30. Bc7 Nd7 31. Bxd8 Nxc5 32. Be7 Rf4 33. Rc1 Nd7 34. Bf1 Re4 35. Ba3 Ra4 36. Bb2 Ra2 37. Bc3 Ba6 38. Rd1 Nf6 39. Rd8+ Kh7 40. Ra8 Rc2 41. Bxf6 Bxf1 42. Ra7 Kg6 43. Bxg7 Bc4 44. Bf8 h5 45. Rg7+ Kf6 1/2-1/2

[Event "SUI-chT"]
[Site "Switzerland"]
[Date "2008.05.25"]
[Round "4.3"]
[White "Charnushevich, Aliaksei"]
[Black "Adler, Joel Arturo Manuel"]
[Result "1-0"]
[WhiteElo "2520"]
[BlackElo "2267"]
[PlyCount "81"]
[EventDate "2008.03.02"]
[EventType "team-tourn"]
[EventRounds "9"]
[EventCountry "SUI"]
[SourceTitle "EXT 2009"]
[Source "ChessBase"]
[SourceDate "2008.11.26"]
[SourceVersion "1"]
[SourceVersionDate "2008.11.26"]
[SourceQuality "1"]
[WhiteTeam "Lausanne"]
[BlackTeam "Bern"]
[WhiteTeamCountry "SUI"]
[BlackTeamCountry "SUI"]

1. d4 Nf6 2. Nf3 d6 3. c4 g6 4. Nc3 Bf5 5. g3 Bg7 6. Bg2 Ne4 7. Nd2 Nxc3 8. bxc3 Nc6 9. e4 Bd7 10. Nb3 a5 11. a4 e5 12. d5 Ne7 13. c5 0-0 14. 0-0 f5 15. c4 fxe4 16. cxd6 cxd6 17. c5 Rc8 18. Bxe4 dxc5 19. d6 Nf5 20. Bxb7 Nd4 21. Nxd4 exd4 22. Bxc8 Qxc8 23. Re1 Bg4 24. Qd2 c4 25. Re7 Bf6 26. Ba3 c3 27. Qa2+ Kh8 28. d7 Bxd7 29. Rxd7 Qxd7 30. Bxf8 d3 31. Bh6 c2 32. Bd2 Bxa1 33. Qxa1+ Kg8 34. Qa2+ Kg7 35. Qb2+ Kg8 36. Qb5 Qc8 37. Qd5+ Kg7 38. Qd4+ Kf7 39. Bc1 Qf5 40. Qf4 Qxf4 41. Bxf4 1-0

[Event "SUI-chT"]
[Site "Switzerland"]
[Date "2008.04.20"]
[Round "3.1"]
[White "Kortschnoj, Viktor Lvovich"]
[Black "Adler, Joel Arturo Manuel"]
[Result "1/2-1/2"]
[WhiteElo "2624"]
[BlackElo "2267"]
[PlyCount "88"]
[EventDate "2008.03.02"]
[EventType "team-tourn"]
[EventRounds "9"]
[EventCountry "SUI"]
[SourceTitle "CBM 123 Extra"]
[Source "ChessBase"]
[SourceDate "2008.05.06"]
[SourceVersion "1"]
[SourceVersionDate "2008.05.06"]
[SourceQuality "1"]
[WhiteTeam "Zuerich"]
[BlackTeam "Bern"]
[WhiteTeamCountry "SUI"]
[BlackTeamCountry "SUI"]

1. c4 e5 2. Nc3 Bb4 3. Qc2 Nf6 4. Nf3 Bxc3 5. dxc3 e4 6. Ng5 Qe7 7. f3 d6 8. Nxe4 Nxe4 9. Qxe4 Qxe4 10. fxe4 b6 11. c5 dxc5 12. Bf4 Bb7 13. Bxc7 Bxe4 14. Bd6 Nc6 15. e3 f6 16. 0-0-0 Rd8 17. Bb5 Kf7 18. Rhf1 g5 19. Bxc6 Bxc6 20. Be5 Rxd1+ 21. Kxd1 Rd8+ 22. Ke1 Bxg2 23. Rxf6+ Kg8 24. Rf5 h6 25. Rf6 Re8 26. Bg3 Kg7 27. Rd6 Bh3 28. Kd2 Re7 29. c4 Be6 30. b3 Kf7 31. e4 h5 32. h4 gxh4 33. Bxh4 Rd7 34. Rxd7+ Bxd7 35. Bg3 Ke7 36. Ke3 Bg4 37. Bb8 Kd7 38. Kf4 a6 39. e5 b5 40. Ba7 Ke6 41. Kg5 bxc4 42. bxc4 Be2 43. a3 Bxc4 44. Kxh5 Kd5 1/2-1/2

[Event "BL2-Sued 0708"]
[Site "Germany"]
[Date "2008.04.06"]
[Round "8.5"]
[White "Bogdanovich, Grigory Grigorievic"]
[Black "Adler, Joel Arturo Manuel"]
[Result "1/2-1/2"]
[WhiteElo "2352"]
[BlackElo "2331"]
[PlyCount "25"]
[EventDate "2007.10.21"]
[EventType "team-tourn"]
[EventRounds "9"]
[EventCountry "GER"]
[SourceTitle "EXT 2009"]
[Source "ChessBase"]
[SourceDate "2008.11.26"]
[SourceVersion "1"]
[SourceVersionDate "2008.11.26"]
[SourceQuality "1"]
[WhiteTeam "Bad Mergentheim"]
[BlackTeam "Heidelberg Kirchheim"]
[WhiteTeamCountry "GER"]
[BlackTeamCountry "GER"]

1. d4 Nf6 2. Nf3 d6 3. c4 g6 4. Nc3 Bf5 5. e3 Bg7 6. Be2 0-0 7. 0-0 c5 8. b3 Nc6 9. Bb2 cxd4 10. Nxd4 Nxd4 11. exd4 a6 12. Bf3 Rb8 13. Re1 1/2-1/2

[Event "BL2-Sued 0708"]
[Site "Germany"]
[Date "2008.03.09"]
[Round "7.5"]
[White "Adler, Joel Arturo Manuel"]
[Black "Kachiani Gersinska, Ketino"]
[Result "0-1"]
[WhiteElo "2331"]
[BlackElo "2404"]
[PlyCount "72"]
[EventDate "2007.10.21"]
[EventType "team-tourn"]
[EventRounds "9"]
[EventCountry "GER"]
[SourceTitle "EXT 2009"]
[Source "ChessBase"]
[SourceDate "2008.11.26"]
[SourceVersion "1"]
[SourceVersionDate "2008.11.26"]
[SourceQuality "1"]
[WhiteTeam "Heidelberg Kirchheim"]
[BlackTeam "Baden-Baden II"]
[WhiteTeamCountry "GER"]
[BlackTeamCountry "GER"]

1. d4 Nf6 2. c4 g6 3. Nc3 Bg7 4. e4 d6 5. f3 0-0 6. Nge2 c5 7. d5 e6 8. Ng3 a6 9. a4 b6 10. Be2 Re8 11. 0-0 Ra7 12. Be3 exd5 13. cxd5 Rae7 14. Qd2 h5 15. Bg5 Re5 16. f4 Rxg5 17. fxg5 Ng4 18. Bxg4 Bxg4 19. h3 Bc8 20. Rf3 Nd7 21. Raf1 Ne5 22. Rf6 Qe7 23. R1f4 Bd7 24. Qe2 c4 25. Qe3 b5 26. Qb6 b4 27. Qxb4 Nd3 28. Qxd6 Qxd6 29. Rxd6 Nxf4 30. Rxd7 Rb8 31. Nd1 c3 32. Nxc3 Rxb2 33. Rc7 Rxg2+ 34. Kf1 Rxg3 35. d6 Rf3+ 36. Kg1 Bd4+ 0-1

[Event "SUI-chT"]
[Site "Switzerland"]
[Date "2008.03.02"]
[Round "1.6"]
[White "Stankovic, Zeljko"]
[Black "Adler, Joel Arturo Manuel"]
[Result "0-1"]
[WhiteElo "2240"]
[BlackElo "2267"]
[PlyCount "72"]
[EventDate "2008.03.02"]
[EventType "team-tourn"]
[EventRounds "9"]
[EventCountry "SUI"]
[SourceTitle "CBM 123 Extra"]
[Source "ChessBase"]
[SourceDate "2008.05.06"]
[SourceVersion "1"]
[SourceVersionDate "2008.05.06"]
[SourceQuality "1"]
[WhiteTeam "Gligoric"]
[BlackTeam "Bern"]
[WhiteTeamCountry "SUI"]
[BlackTeamCountry "SUI"]

1. d4 Nf6 2. c4 e5 3. dxe5 Ng4 4. Nf3 Nc6 5. e3 Ngxe5 6. Be2 g6 7. Nxe5 Nxe5 8. 0-0 Bg7 9. Bd2 0-0 10. Bc3 Qe7 11. e4 c5 12. f4 Nc6 13. e5 Nd4 14. Nd2 d6 15. Bxd4 cxd4 16. exd6 Qxd6 17. Bd3 Bd7 18. f5 Bc6 19. Ne4 Qe5 20. Qf3 Rae8 21. Rae1 gxf5 22. Qxf5 Qxf5 23. Rxf5 Re6 24. Re2 Rfe8 25. Rf4 f5 26. Ng3 Rxe2 27. Nxe2 Re3 28. Nc1 Be4 29. Bxe4 fxe4 30. Kf2 Bh6 31. Rg4+ Kf7 32. Nb3 d3 33. Rg3 Re2+ 34. Kf1 Rxb2 35. Nc5 d2 36. Ke2 Rb1 0-1

[Event "BL2-Sued 0708"]
[Site "Germany"]
[Date "2007.12.09"]
[Round "4.5"]
[White "Thoma, Christian"]
[Black "Adler, Joel Arturo Manuel"]
[Result "0-1"]
[WhiteElo "2283"]
[BlackElo "2331"]
[PlyCount "114"]
[EventDate "2007.10.21"]
[EventType "team-tourn"]
[EventRounds "9"]
[EventCountry "GER"]
[SourceTitle "EXT 2009"]
[Source "ChessBase"]
[SourceDate "2008.11.26"]
[SourceVersion "1"]
[SourceVersionDate "2008.11.26"]
[SourceQuality "1"]
[WhiteTeam "Schmiden Cannstatt"]
[BlackTeam "Heidelberg Kirchheim"]
[WhiteTeamCountry "GER"]
[BlackTeamCountry "GER"]

1. e4 c5 2. Nf3 Nc6 3. d4 cxd4 4. Nxd4 Qc7 5. Nc3 e6 6. Be2 a6 7. 0-0 Nf6 8. Be3 Bb4 9. Na4 0-0 10. Nxc6 bxc6 11. Nb6 Rb8 12. Nxc8 Rfxc8 13. Bxa6 Rf8 14. Bd3 Bd6 15. f4 e5 16. g3 Rxb2 17. a4 Ra8 18. Kh1 Rb4 19. c4 c5 20. Bd2 Rbb8 21. Bc2 Qc6 22. Re1 Bc7 23. Kg1 Qd6 24. Qe2 Ba5 25. f5 Qc6 26. Bxa5 Rxa5 27. g4 h6 28. Rab1 Rb4 29. h4 Ra8 30. g5 Nh7 31. Qe3 hxg5 32. hxg5 Qd6 33. Rxb4 cxb4 34. c5 Qe7 35. g6 fxg6 36. Bb3+ Kf8 37. fxg6 Nf6 38. Rc1 Rc8 39. Qh3 Ke8 40. c6 Rxc6 41. Rxc6 dxc6 42. Qc8+ Qd8 43. Qe6+ Qe7 44. Qxc6+ Qd7 45. Bf7+ Ke7 46. Qc5+ Qd6 47. Qa7+ Nd7 48. Qb7 Qd1+ 49. Kf2 Qxa4 50. Qc8 Qa7+ 51. Kf3 Qb8 52. Qc4 Qd6 53. Kg4 Qd4 54. Qe6+ Kd8 55. Qe8+ Kc7 56. Kf5 Qf2+ 57. Ke6 Qf6+ 0-1